| 000 | 00772nam a2200229 i 4500 | ||
|---|---|---|---|
| 001 | 150459 | ||
| 003 | ES-MaACL | ||
| 005 | 20230906203524.0 | ||
| 007 | t| | ||
| 008 | 071030s1976 sp |||| | spa d | ||
| 100 | 1 |
_aValdeón Baruque, Julio. _9112487 |
|
| 245 | 1 | 4 |
_aLos conflictos sociales en el reino de Castilla en los siglos XIV y XV / _cpor Julio Valdeón Baruque. |
| 250 | _a2ª ed. | ||
| 260 |
_a[Madrid] : _bSiglo Veintiuno, _c1976. |
||
| 300 |
_a219 p. ; _c20 cm. |
||
| 490 | 1 | _aHistoria de los movimientos sociales | |
| 650 | 4 |
_aConflictos sociales- _zCastilla (Reino) _9167780 |
|
| 651 | 4 |
_aCastilla (Reino)- _xSituación social. _9167781 |
|
| 830 | 0 |
_aHistoria de los movimientos sociales _9180737 |
|
| 852 |
_aES-MaACL _jA-6358 |
||
| 999 |
_c150459 _d150459 |
||